000 01023nam a2200277 a 4500
001 BRL_1245
005 20190320211116.0
008 041213s1993----mx-a######---#000-0#spa-#
020 _a9682958024
041 _aspa
044 _amx
050 4 _aND259.R33
_b.F36 1993
100 1 _aRabel, Fanny
_d1924-
_923225
245 1 0 _aFanny Rabel
_b50 años de producción artística : exposición retrospectiva, octubre 1993
_cpról. Gerardo Estrada.
260 _aMéxico, D.F.
_bMuseo del Palacio de Bellas Artes : CNCA : INBA
_c1993
300 _a[60] p.
_bil. (algunas a color)
_c27 cm.
500 _aAu1404
500 _aExposición presentada en el Museo del Palacio de Bellas Artes en oct. de 1993
600 1 4 _aRabel, Fanny
_d1924-
_xExposiciones
_926263
650 1 4 _aPintores mexicanos
_vExposiciones
_923226
700 1 _aEstrada, Gerardo
_epról.
_926264
710 2 _aConsejo Nacional para la Cultura y las Artes
_926265
710 2 _aInstituto Nacional de Bellas Artes
_926266
902 _aGRL
942 _2lcc
_cB
999 _c10057
_d10057